Indigo Park Characters - Statistics

General Stats
  • This quiz has been taken 23 times
  • The average score is 4 of 5
Answer Stats
Picture Answer % Correct
Rambley the Raccoon
100%
Lloyd the Lion
92%
Mollie Macaw
77%
Salem the Skunk
77%
Finley the Sea Serpent
69%
No matching quizzes found
Score Distribution
Percent of People with Each Score
Percentile by Number Answered
Your Score History
You have not taken this quiz